000 01022nam a2200265Ia 4500
003 GCL
008 140319s9999 xx 000 0 ara d
020 _a7104829953
040 _aGCL /
_cGCL
082 0 4 _a953.06
_bع د
100 1 _aعبدالعزيز الدوري
245 1 0 _aدراسات فى العصور العباسية المتاخرة /
_cعبدالعزيز الدوري
250 _aالاولى
260 _aبيروت :
_bمركز دراسات الوحدة العربية ،
_c2007
300 _a231ص ؛
_c24سم
490 _aالاعمال الكاملة للدكتور عبد العزيز الدوري
_v4
650 0 4 _aالدولة العباسية
650 0 4 _aالبويهيون
650 0 4 _aثورة الزنج (255 - 270 هـ)
650 0 4 _aالتاريخ الاسلامى - الدولةالعباسية
650 0 4 _aالحضارة الفارسية
650 0 4 _aالاتراك
650 0 4 _aالدولة العباسية - الحياة الاجتماعية
942 _2ddc
_cBK
999 _c9361
_d9361